Statistics for NFL Starting Quarterbacks 2015

Click here to take the quiz!

General Stats

  • This quiz has been taken 3,664 times
  • The average score is 26 of 32

Answer Stats

TeamQB% Correct
Carolina PanthersCam Newton
97%
Denver BroncosPeyton Manning
97%
New York GiantsEli Manning
96%
Atlanta FalconsMatt Ryan
96%
Green Bay PackersAaron Rodgers
95%
Baltimore RavensJoe Flacco
94%
New England PatriotsTom Brady
94%
Dallas CowboysTony Romo
93%
Cincinnati BengalsAndy Dalton
92%
Arizona CardinalsCarson Palmer
92%
New Orleans SaintsDrew Brees
92%
Kansas City ChiefsAlex Smith
91%
Detroit LionsMatthew Stafford
91%
Indianapolis ColtsAndrew Luck
90%
Seattle SeahawksRussell Wilson
88%
Oakland RaidersDerek Carr
86%
Chicago BearsJay Cutler
85%
San Diego ChargersPhilip Rivers
84%
Miami DolphinsRyan Tannehill
80%
Buffalo BillsTyrod Taylor
79%
Jacksonville JaguarsBlake Bortles
78%
Pittsburgh SteelersBen Roethlisberger
77%
Tampa Bay BuccaneersJameis Winston
77%
Washington RedskinsKirk Cousins
76%
Tennessee TitansMarcus Mariota
73%
San Francisco 49ersColin Kaepernick
72%
New York JetsRyan Fitzpatrick
69%
Minnesota VikingsTeddy Bridgewater
69%
Philadelphia EaglesSam Bradford
64%
St. Louis RamsNick Foles
58%
Cleveland BrownsJosh McCown
46%
Houston TexansBrian Hoyer
42%

Score Distribution

Percentile by Number Answered

Percent of People with Each Score

Your Score History

You have not taken this quiz